[Event "London Classic op 10th"]
[Site "London"]
[Date "2018.12.16"]
[Round "9"]
[White "Newton, Andrew"]
[Black "Gilmore, Samuel"]
[Result "1-0"]
[WhiteElo "1948"]
[BlackElo "1575"]
[PlyCount "107"]
[EventDate "2018.12.09"]
[EventType "swiss"]
[EventRounds "9"]
[EventCountry "ENG"]
[SourceTitle "EXT 2020"]
[Source "ChessBase"]
[SourceDate "2019.10.17"]
[SourceVersion "1"]
[SourceVersionDate "2019.10.17"]
[SourceQuality "1"]

1. d4 Nf6 2. c4 e6 3. g3 d5 4. Nf3 c6 5. cxd5 exd5 6. Bg2 Bf5 7. Nc3 h6 8. 0-0 Bd6 9. Nh4 Bh7 10. e4 dxe4 11. Re1 0-0 12. Nxe4 Nxe4 13. Bxe4 Qd7 14. Bxh7+ Kxh7 15. Qh5 Re8 16. Bd2 Na6 17. a3 Nc7 18. Re3 Rxe3 19. fxe3 Rf8 20. e4 Be7 21. Nf5 Bf6 22. Be3 Ne6 23. e5 Bg5 24. Bxg5 Nxg5 25. Nd6 g6 26. Qe2 Ne6 27. Rd1 Qc7 28. Qc4 Qe7 29. Qb3 b6 30. Ne4 Kg7 31. Qc3 c5 32. d5 Nd4 33. Rxd4 cxd4 34. Qxd4 Rd8 35. b4 a6 36. d6 Qe6 37. Qxb6 Rc8 38. Qd4 Rc1+ 39. Kg2 Qa2+ 40. Nf2 Qe6 41. d7 Qc6+ 42. Kh3 Qe6+ 43. g4 Qc6 44. Ne4 Rc4 45. d8Q Rxd4 46. Qxd4 Qe6 47. Nc5 Qc6 48. Qe4 Qe8 49. e6 f6 50. Qb7+ Kh8 51. e7 h5 52. Qd7 hxg4+ 53. Kg2 Qa8+ 54. Nb7 1-0

[Event "London Classic op 10th"]
[Site "London"]
[Date "2018.12.15"]
[Round "8"]
[White "Newton, Andrew"]
[Black "Mihailidou, Magdalini"]
[Result "1/2-1/2"]
[WhiteElo "1948"]
[BlackElo "1754"]
[PlyCount "84"]
[EventDate "2018.12.09"]
[EventType "swiss"]
[EventRounds "9"]
[EventCountry "ENG"]
[SourceTitle "CBM 187 Extra"]
[Source "ChessBase"]
[SourceDate "2018.11.04"]
[SourceVersion "1"]
[SourceVersionDate "2018.11.04"]
[SourceQuality "1"]

1. d4 d5 2. c4 e5 3. dxe5 d4 4. a3 Nc6 5. Nf3 Bg4 6. Bf4 Nge7 7. Nbd2 Ng6 8. Bg3 Qe7 9. Qb3 0-0-0 10. Qa4 Kb8 11. b4 Ncxe5 12. Qc2 d3 13. Qc3 dxe2 14. Bxe2 Nd3+ 15. Kf1 Ngf4 16. Bxf4 Nxf4 17. Re1 Qd6 18. h3 Bf5 19. g4 Nxe2 20. Kxe2 Qd3+ 21. Qxd3 Bxd3+ 22. Ke3 Be7 23. Ne5 Bg6 24. Nxg6 hxg6 25. Nb3 Bg5+ 26. f4 Rhe8+ 27. Kf3 Rd3+ 28. Kg2 Red8 29. fxg5 Rxb3 30. Rhf1 Rd2+ 31. Rf2 Rxf2+ 32. Kxf2 Kc8 33. Re3 Rb2+ 34. Kg3 Kd7 35. h4 Rb1 36. Kg2 Rc1 37. c5 Rc2+ 38. Kh3 Rc1 39. Re2 Rc3+ 40. Kg2 Rc4 41. Kf3 Rc3+ 42. Kg2 Rc4 1/2-1/2

[Event "London Classic op 10th"]
[Site "London"]
[Date "2018.12.11"]
[Round "3"]
[White "Megias, Eva"]
[Black "Newton, Andrew"]
[Result "0-1"]
[WhiteElo "1638"]
[BlackElo "1948"]
[PlyCount "130"]
[EventDate "2018.12.09"]
[EventType "swiss"]
[EventRounds "9"]
[EventCountry "ENG"]
[SourceTitle "CBM 187 Extra"]
[Source "ChessBase"]
[SourceDate "2018.11.04"]
[SourceVersion "1"]
[SourceVersionDate "2018.11.04"]
[SourceQuality "1"]

1. e4 c6 2. f4 d5 3. exd5 cxd5 4. Nf3 Nc6 5. d4 Bg4 6. h3 Bxf3 7. gxf3 g6 8. Be3 Nf6 9. Bd3 Bh6 10. Qd2 Qd6 11. Nc3 a6 12. 0-0-0 0-0-0 13. a3 Nh5 14. Ne2 f5 15. Kb1 Rd7 16. Rc1 b5 17. a4 Rb7 18. Nc3 Na7 19. axb5 axb5 20. Na2 Kd7 21. Qa5 Rhb8 22. Qb4 Nc6 23. Qxd6+ Kxd6 24. Bf2 Bxf4 25. Rce1 b4 26. Nc1 Ra7 27. Nb3 Rba8 28. Bb5 Na5 29. Nc5 Ng7 30. b3 Nc6 31. Na4 Rb8 32. Bxc6 Kxc6 33. Kb2 Rba8 34. Be3 Bd6 35. h4 Re8 36. Rc1 Rb8 37. Rhe1 f4 38. Bd2 Nf5 39. c3 Nxh4 40. cxb4+ Kd7 41. Nc5+ Ke8 42. Ne6 Nxf3 43. Re2 Nxd2 44. Rxd2 Bxb4 45. Rc7 Rxc7 46. Nxc7+ Kd7 47. Rc2 Rc8 48. Nxd5 Rxc2+ 49. Kxc2 Bd6 50. Kd3 g5 51. Ke4 Kc6 52. Nc3 e6 53. d5+ exd5+ 54. Nxd5 h6 55. Nf6 Kb5 56. Kf3 Kb4 57. Kg4 Kxb3 58. Ng8 Bf8 59. Nf6 Kc4 60. Nd7 Bg7 61. Nb6+ Kd4 62. Na4 Ke3 63. Nc5 f3 64. Kg3 Be5+ 65. Kh3 f2 0-1

[Event "London Classic op 10th"]
[Site "London"]
[Date "2018.12.09"]
[Round "1"]
[White "Milliet, Sophie"]
[Black "Newton, Andrew"]
[Result "1-0"]
[WhiteElo "2376"]
[BlackElo "1948"]
[PlyCount "37"]
[EventDate "2018.12.09"]
[EventType "swiss"]
[EventRounds "9"]
[EventCountry "ENG"]
[SourceTitle "CBM 187 Extra"]
[Source "ChessBase"]
[SourceDate "2018.11.04"]
[SourceVersion "1"]
[SourceVersionDate "2018.11.04"]
[SourceQuality "1"]

1. e4 c5 2. Nc3 d6 3. f4 g6 4. Nf3 Bg7 5. Bb5+ Bd7 6. Bc4 Nf6 7. e5 Nh5 8. 0-0 0-0 9. Ng5 dxe5 10. fxe5 e6 11. Nf3 Bc6 12. d3 Bxe5 13. Nxe5 Qd4+ 14. Kh1 Qxe5 15. Bh6 Rd8 16. Qd2 Nd7 17. Rae1 Qc7 18. Rxf7 Kxf7 19. Rxe6 1-0

[Event "Lisbon Portugal op"]
[Site "Lisbon"]
[Date "2018.02.04"]
[Round "4"]
[White "Newton, Andrew"]
[Black "Koziol, Kamil"]
[Result "0-1"]
[WhiteElo "1899"]
[BlackElo "2257"]
[PlyCount "76"]
[EventDate "2018.02.03"]
[EventType "swiss"]
[EventRounds "9"]
[EventCountry "POR"]
[SourceTitle "EXT 2019"]
[Source "ChessBase"]
[SourceDate "2018.10.10"]
[SourceVersion "1"]
[SourceVersionDate "2018.10.10"]
[SourceQuality "1"]

1. e4 c5 2. Nf3 d6 3. d4 cxd4 4. Nxd4 Nf6 5. Nc3 a6 6. Bg5 e6 7. f4 Be7 8. Qf3 Nbd7 9. 0-0-0 Qc7 10. g4 b5 11. Bxf6 Nxf6 12. g5 Nd7 13. f5 Bxg5+ 14. Kb1 Ne5 15. Qg3 Qe7 16. Bg2 Bd7 17. fxe6 fxe6 18. h4 Bf6 19. Rdf1 Nc4 20. Rd1 Rc8 21. h5 0-0 22. Bh3 Rc5 23. Nce2 b4 24. Qd3 a5 25. Rdg1 a4 26. h6 g6 27. Nf4 Bxd4 28. Nxg6 hxg6 29. Rxg6+ Kf7 30. Qxd4 Kxg6 31. e5 Rxe5 32. Qxc4 Rh5 33. Qxb4 Kxh6 34. Qe4 Qh4 35. Qd3 Rf6 36. a3 e5 37. Bg2 Qg4 38. Rg1 Qd4 0-1

[Event "London Classic op"]
[Site "London"]
[Date "2017.12.08"]
[Round "8"]
[White "Miller, Dominic"]
[Black "Newton, Andrew"]
[Result "0-1"]
[WhiteElo "2018"]
[BlackElo "1886"]
[PlyCount "84"]
[EventDate "2017.12.02"]
[EventType "swiss"]
[EventRounds "9"]
[EventCountry "ENG"]
[SourceTitle "CBM 182 Extra"]
[Source "ChessBase"]
[SourceDate "2018.02.23"]
[SourceVersion "1"]
[SourceVersionDate "2018.02.23"]
[SourceQuality "1"]

1. e4 e5 2. Nf3 Nc6 3. Bb5 a6 4. Ba4 Nf6 5. 0-0 Nxe4 6. d4 b5 7. Bb3 d5 8. dxe5 Be6 9. c3 Bc5 10. Nbd2 0-0 11. Bc2 Nxf2 12. Rxf2 f6 13. exf6 Bxf2+ 14. Kxf2 Qxf6 15. Kg1 Rae8 16. Bd3 Ne5 17. Nxe5 Qf2+ 18. Kh1 Bg4 19. Nef3 Rxf3 20. Nxf3 Bxf3 21. gxf3 Re1+ 22. Qxe1 Qxe1+ 23. Kg2 Qd1 24. Bf1 c5 25. Kf2 d4 26. cxd4 cxd4 27. Be2 Qh1 28. Bf1 Qxh2+ 29. Bg2 Qc7 30. Bd2 Qc2 31. Ke2 Qxb2 32. Rc1 Qxa2 33. f4 b4 34. Kd3 a5 35. f5 h6 36. Be4 Kf8 37. Bf4 b3 38. Bd5 Qa3 39. Rc8+ Ke7 40. Rc7+ Kd8 41. Rxg7 b2+ 42. Kxd4 Qb4+ 0-1

[Event "London Classic op"]
[Site "London"]
[Date "2017.12.04"]
[Round "4"]
[White "Fink Nunn, Petra"]
[Black "Newton, Andrew"]
[Result "1/2-1/2"]
[WhiteElo "2071"]
[BlackElo "1886"]
[PlyCount "92"]
[EventDate "2017.12.02"]
[EventType "swiss"]
[EventRounds "9"]
[EventCountry "ENG"]
[SourceTitle "CBM 182 Extra"]
[Source "ChessBase"]
[SourceDate "2018.02.23"]
[SourceVersion "1"]
[SourceVersionDate "2018.02.23"]
[SourceQuality "1"]

1. e4 e6 2. d4 d5 3. Nc3 Nf6 4. e5 Nfd7 5. f4 c5 6. Nf3 Nc6 7. Be3 Be7 8. Qd2 0-0 9. Nd1 b6 10. c3 Bb7 11. Bd3 cxd4 12. cxd4 Rc8 13. 0-0 Nb4 14. Bb1 Ba6 15. Rf2 Nc6 16. Bd3 Bxd3 17. Qxd3 Na5 18. b3 Rc6 19. Rc2 Qc7 20. Rxc6 Nxc6 21. Rc1 Rc8 22. f5 Qd8 23. Bd2 Nb4 24. Rxc8 Qxc8 25. Bxb4 Bxb4 26. fxe6 fxe6 27. Ng5 Nf8 28. Qf3 Qc1 29. Qg4 Qd2 30. h4 Qe1+ 31. Kh2 Be7 32. Nxe6 Qxh4+ 33. Qxh4 Bxh4 34. Nc7 Kf7 35. Nxd5 Ne6 36. g3 Bg5 37. Nf4 Nxd4 38. Kh3 Be7 39. Kg4 g5 40. Nd3 Ke6 41. N1f2 Nc6 42. Ne4 h6 43. Kh5 Bf8 44. Nf6 Ne7 45. Ne8 Kd7 46. Nf6+ Ke6 1/2-1/2

[Event "London Classic op 8th"]
[Site "London"]
[Date "2016.12.13"]
[Round "6"]
[White "Newton, Andrew"]
[Black "Jamroz, Krzysztof"]
[Result "0-1"]
[WhiteElo "1887"]
[BlackElo "2045"]
[PlyCount "120"]
[EventDate "2016.12.09"]
[EventType "swiss"]
[EventRounds "9"]
[EventCountry "ENG"]
[SourceTitle "CBM 176 Extra"]
[Source "ChessBase"]
[SourceDate "2017.03.02"]
[SourceVersion "1"]
[SourceVersionDate "2017.03.02"]
[SourceQuality "1"]

1. d4 Nf6 2. c4 e6 3. Nc3 Bb4 4. Qc2 c5 5. dxc5 Bxc5 6. Nf3 b6 7. Bg5 Bb7 8. e4 h6 9. Bh4 Be7 10. Rd1 0-0 11. Be2 Nc6 12. h3 Nb4 13. Qb1 Nh5 14. Bxe7 Qxe7 15. a3 Nc6 16. Qc1 d6 17. g4 Nf6 18. g5 hxg5 19. Qxg5 d5 20. Rg1 Ne8 21. cxd5 Qxg5 22. Rxg5 exd5 23. Nxd5 g6 24. Bb5 Kg7 25. Nc3 Nf6 26. Kf1 Rad8 27. Re1 a6 28. Ba4 Na5 29. Kg1 Rd3 30. Kg2 Nh5 31. Bc2 Rdd8 32. Nd5 Bxd5 33. exd5 Nf4+ 34. Kg3 Nxd5 35. b4 Nc4 36. Bb3 b5 37. Rc1 Ndb6 38. Rc3 f5 39. a4 Nd5 40. Rc1 Ndb6 41. Rc3 Rf6 42. a5 Nd5 43. Rc1 Rc8 44. Ne5 Nxb4 45. Bxc4 bxc4 46. Rxc4 Rxc4 47. Nxc4 Nd3 48. Kf3 Re6 49. h4 Kf6 50. Rg1 Ne1+ 51. Kg3 Re4 52. f3 Nxf3 53. Kxf3 Rxc4 54. h5 gxh5 55. Rb1 Rc6 56. Rb6 Re6 57. Kg3 Ke5 58. Kh4 Rxb6 59. axb6 Kd6 60. Kxh5 a5 0-1

[Event "Dundee & Angus op"]
[Site "Dundee"]
[Date "2016.10.09"]
[Round "4"]
[White "Berera, Siddharth"]
[Black "Newton, Andrew"]
[Result "0-1"]
[WhiteElo "1650"]
[BlackElo "1912"]
[PlyCount "68"]
[EventDate "2016.10.07"]
[EventType "swiss"]
[EventRounds "5"]
[EventCountry "SCO"]
[SourceTitle "EXT 2023"]
[Source "ChessBase"]
[SourceDate "2022.10.05"]
[SourceVersion "1"]
[SourceVersionDate "2022.10.05"]
[SourceQuality "1"]

1. e4 e6 2. d4 d5 3. Nc3 Bb4 4. e5 c5 5. Bd2 a6 6. Qg4 Kf8 7. Nf3 Nc6 8. Qf4 cxd4 9. Nxd4 Qb6 10. Nxc6 bxc6 11. a3 Be7 12. Na4 Qc7 13. Bd3 c5 14. c4 g5 15. Qg3 d4 16. b4 cxb4 17. axb4 Rb8 18. c5 h5 19. h3 h4 20. Qh2 Nh6 21. 0-0 Nf5 22. Nb6 Rxb6 23. cxb6 Qxb6 24. Bxf5 exf5 25. f4 g4 26. hxg4 d3+ 27. Rf2 fxg4 28. g3 Qd4 29. Rc1 Bb7 30. Rc7 Qb6 31. Rxe7 Kxe7 32. gxh4 Qc6 33. f5 g3 34. Bg5+ Ke8 0-1

[Event "Perth op"]
[Site "Perth"]
[Date "2016.02.20"]
[Round "2.9"]
[White "Abrahams, Daniel"]
[Black "Newton, Andrew"]
[Result "1-0"]
[WhiteElo "2081"]
[BlackElo "1794"]
[PlyCount "107"]
[EventDate "2016.02.19"]
[EventType "swiss"]
[EventRounds "5"]
[EventCountry "SCO"]
[SourceTitle "EXT 2023"]
[Source "ChessBase"]
[SourceDate "2022.10.05"]
[SourceVersion "1"]
[SourceVersionDate "2022.10.05"]
[SourceQuality "1"]

1. e4 e5 2. Nf3 Nc6 3. Bb5 a6 4. Bxc6 dxc6 5. 0-0 f6 6. d4 exd4 7. Nxd4 c5 8. Ne2 Qxd1 9. Rxd1 Be6 10. Bf4 Rd8 11. Nbc3 Bd6 12. Bxd6 cxd6 13. Nf4 Bf7 14. Rd2 Kd7 15. Rad1 Kc6 16. Nfd5 Bxd5 17. Nxd5 Rd7 18. f3 Nh6 19. Kf2 Re8 20. Ne3 Nf7 21. a3 b6 22. h4 Red8 23. h5 Nh6 24. Rd5 Ng8 25. R5d3 Ne7 26. c4 b5 27. b3 bxc4 28. bxc4 Rb8 29. f4 Rbd8 30. Kf3 Kc7 31. Rb1 Rb8 32. Rdb3 Rxb3 33. Rxb3 Rd8 34. Kg4 g6 35. hxg6 hxg6 36. a4 f5+ 37. exf5 gxf5+ 38. Kg5 Re8 39. Kf6 Kd8 40. Kf7 Nc8 41. Nxf5 Re4 42. Rf3 Kd7 43. g4 Ne7 44. Nxe7 Rxe7+ 45. Kf6 Re6+ 46. Kf5 Ke7 47. g5 Kf7 48. Rh3 Re1 49. Rh7+ Kg8 50. Rc7 Rc1 51. Kg6 Kf8 52. f5 Re1 53. f6 Re8 54. Rh7 1-0

[Event "Oban op"]
[Site "Oban"]
[Date "2015.11.21"]
[Round "3"]
[White "Newton, Andrew"]
[Black "Greet, Andrew"]
[Result "0-1"]
[WhiteElo "1862"]
[BlackElo "2496"]
[PlyCount "54"]
[EventDate "2015.10.20"]
[EventType "swiss"]
[EventRounds "5"]
[EventCountry "SCO"]
[SourceTitle "EXT 2023"]
[Source "ChessBase"]
[SourceDate "2022.10.05"]
[SourceVersion "1"]
[SourceVersionDate "2022.10.05"]
[SourceQuality "1"]

1. d4 d5 2. c4 c6 3. Nf3 Nf6 4. Nc3 a6 5. a4 e6 6. Bg5 Nbd7 7. e4 h6 8. Bxf6 Nxf6 9. cxd5 cxd5 10. e5 Ne4 11. Nd2 Nxd2 12. Qxd2 Bb4 13. Be2 Bd7 14. 0-0 0-0 15. Qd3 Rc8 16. Rfc1 Qb6 17. f4 Rc4 18. Kh1 Rxd4 19. Qg3 Rd2 20. f5 exf5 21. Bd3 Bxc3 22. bxc3 f4 23. Qf3 Qe3 24. Qxe3 fxe3 25. Rd1 Bg4 26. Rxd2 exd2 27. Bc2 Re8 0-1

[Event "Dundee & Angus op"]
[Site "Dundee"]
[Date "2015.10.11"]
[Round "5"]
[White "Newton, Andrew"]
[Black "Shafi, Declan"]
[Result "1-0"]
[WhiteElo "1862"]
[BlackElo "1763"]
[PlyCount "33"]
[EventDate "2015.10.09"]
[EventType "swiss"]
[EventRounds "5"]
[EventCountry "SCO"]
[SourceTitle "EXT 2023"]
[Source "ChessBase"]
[SourceDate "2022.10.05"]
[SourceVersion "1"]
[SourceVersionDate "2022.10.05"]
[SourceQuality "1"]

1. d4 Nf6 2. c4 g6 3. Nc3 d5 4. Bg5 Ne4 5. Bh4 Nxc3 6. bxc3 Bg7 7. e3 dxc4 8. Bxc4 0-0 9. Nf3 c5 10. 0-0 Nc6 11. Qe2 Re8 12. Bxf7+ Kxf7 13. Qc4+ Kf8 14. Ng5 e6 15. Nxh7+ Kg8 16. Bxd8 Kxh7 17. Bh4 1-0

[Event "Commonwealth-ch"]
[Site "Glasgow"]
[Date "2014.07.02"]
[Round "3"]
[White "Vaishali, Ramesh Babu"]
[Black "Newton, Andrew"]
[Result "1/2-1/2"]
[WhiteElo "2048"]
[BlackElo "1846"]
[PlyCount "119"]
[EventDate "2014.06.30"]
[EventType "swiss"]
[EventRounds "9"]
[EventCountry "SCO"]
[SourceTitle "CBM 161 Extra"]
[Source "ChessBase"]
[SourceDate "2014.08.29"]
[SourceVersion "1"]
[SourceVersionDate "2014.08.29"]
[SourceQuality "1"]

1. e4 c6 2. d4 d5 3. e5 Bf5 4. Bd3 Bxd3 5. Qxd3 e6 6. Ne2 Qa5+ 7. c3 Qa6 8. Qf3 Ne7 9. 0-0 Nd7 10. Na3 Ng6 11. Nc2 Be7 12. Nf4 c5 13. Re1 cxd4 14. Nxg6 hxg6 15. Nxd4 Qb6 16. a4 a6 17. a5 Qc7 18. Bf4 Bd8 19. b4 Qc4 20. Qg4 Nf8 21. Rac1 Be7 22. Bg3 Rc8 23. h3 Nh7 24. Bf4 Nf8 25. Bg5 Rh5 26. Bxe7 Kxe7 27. Qg3 Nd7 28. f4 b6 29. axb6 Nxb6 30. f5 gxf5 31. Qxg7 Nd7 32. Qg3 Rch8 33. Ra1 R8h6 34. Qe3 Rg6 35. Ne2 Rg8 36. Nf4 Rhg5 37. Qd4 Rc8 38. Qe3 Rcg8 39. Qd4 Rc8 40. Qe3 Rcg8 41. Kh2 Rg3 42. Qf2 Rxc3 43. Ne2 Rc2 44. Rac1 Nxe5 45. Rxc2 Qxc2 46. Rc1 Qe4 47. Ng3 Qxb4 48. Rc7+ Kd6 49. Ra7 Qb5 50. Qa2 Qd3 51. Nh5 Rg5 52. Rxa6+ Nc6 53. Rxc6+ Kxc6 54. Qa8+ Kc5 55. Qa7+ Kc4 56. Qa4+ Kc5 57. Qa7+ Kd6 58. Qb8+ Kc5 59. Qc7+ Kb5 60. Qb8+ 1/2-1/2